000 00276nam a22001217a 4500
082 _a671.752 OLL'H
100 _aOLLARD, E.A
_980013
245 _aHANDBOOK OF INDUSTRIAL ELECTRIC PLATING
250 _a3RD
260 _aNEWYORK
_bILIFFE
_c1958
300 _a400P
942 _cBK
999 _c584990
_d584990